4 Television Foursomes Quiz Stats

 Plays Quiz not verified by Sporcle

Score 0/16 Timer 03:00
1 Play Today
Hint Answer % Correct
CSI
Cities
Miami
96%
CSI
Cities
New York City
95.9%
CSI
Cities
Las Vegas
81.1%
Actresses on 'The
Golden Girls'
Betty White
76.4%
US Law & Order
Spinoff Subtitles
SVU
75%
US Law & Order
Spinoff Subtitles
Los Angeles
63.8%
Names of the
Teletubbies
Po
63.5%
Actresses on 'The
Golden Girls'
Bea Arthur
58.5%
Hint Answer % Correct
Names of the
Teletubbies
Tinky Winky
52.7%
US Law & Order
Spinoff Subtitles
CI
45.4%
Names of the
Teletubbies
Dipsy
39.4%
Actresses on 'The
Golden Girls'
Estelle Getty
34.5%
Names of the
Teletubbies
Laa-Laa
32.8%
Actresses on 'The
Golden Girls'
Rue McClanahan
32.8%
CSI
Cities
Quantico
19.9%
US Law & Order
Spinoff Subtitles
Trial by Jury
10.7%

You're not logged in!

Compare scores with friends on all Sporcle quizzes.
OR
Log In

Show Comments

Extras

Top Quizzes Today


Score Distribution

Your Account Isn't Verified!

In order to create a playlist on Sporcle, you need to verify the email address you used during registration. Go to your Sporcle Settings to finish the process.

Report this User

Report this user for behavior that violates our Community Guidelines.

Details: